Statistiche per Paesi più vicini al Gabon

Clicka qui per fare il quiz!

Statistiche generali

  • Questo quiz è stato fatto 28 volte
  • Il punteggio medio è 17 su 20

Statistiche sulle risposte

kmnazione% Corretto
1044Togo
100%
0Congo
96%
1184Niger
96%
418Nigeria
96%
969Benin
92%
1091Ghana
92%
0Guinea Equatoriale
92%
158Rep Dem del Congo
92%
0Camerun
88%
118Angola
84%
637Ciad
84%
1463Namibia
84%
1429Burkina Faso
80%
232Repubblica
Centrafricana
80%
1396Sudan
80%
1442Côte d'Ivoire
72%
1314Sud Sudan
72%
1435Zambia
72%
237Sao Tome e Principe
68%
1604Ruanda
60%

Distribuzione punteggi

Percentile per numero di risposta

Percentuale di utenti per punteggio

I tuoi punteggi nel tempo

Non hai fatto questo quiz